书目信息 |
| 题名: |
2013全国两会文件学习读本
|
|
| 作者: | ;2013全国两会文件学习读本编写组 编著 | |
| 分册: | ||
| 出版信息: | 北京 人民出版社 2013.03 |
|
| 页数: | 38,18,267页 | |
| 开本: | 21cm | |
| 丛书名: | ||
| 单 册: | ||
| 中图分类: | D622 , D627 | |
| 科图分类: | ||
| 主题词: | ||
| 电子资源: | ||
| ISBN: | 978-7-01-011861-1 | |
| 000 | 01133nam0 2200301 450 | |
| 001 | 005969142 | |
| 005 | 20130608104524.42 | |
| 010 | @a978-7-01-011861-1@dCNY21.00 | |
| 035 | @a(A330000ZJL)012011186982 | |
| 100 | @a20130513d2013 em y0chiy0110 ea | |
| 101 | 0 | @achi |
| 102 | @aCN@b110000 | |
| 105 | @ay z 000yy | |
| 106 | @ar | |
| 200 | 1 | @a2013全国两会文件学习读本@92013 quan guo liang hui wen jian xue xi du ben@f《2013全国两会文件学习读本》编写组编著 |
| 210 | @a北京@c人民出版社@d2013.03 | |
| 215 | @a38,18,267页@d21cm | |
| 330 | @a本书收录《政府工作报告》、《中国人民政治协商会议全国委员会常务委员会工作报告》、《国家机构主要领导人名单》、《国务院及其组成部门主要领导人名单》等内容。 | |
| 333 | @a党员干部 | |
| 601 | 02 | @a全国人民代表大会@x文件@y中国@z2013@j学习参考资料 |
| 601 | 02 | @a中国人民政治协商会议@x文件@z2013@j学习参考资料 |
| 601 | 02 | @a全国人民代表大会 |
| 601 | 02 | @a中国人民政治协商会议 |
| 690 | @aD622@v5 | |
| 690 | @aD627@v5 | |
| 711 | 02 | @a2013全国两会文件学习读本编写组@92013 quan guo liang hui wen jian xue xi du ben bian xie zu@4编著 |
| 801 | 0 | @aCN@b人天书店@c20130513 |
| 905 | @dD622@e50 | |
| 2013全国两会文件学习读本/《2013全国两会文件学习读本》编写组编著.-北京:人民出版社,2013.03 |
| 38,18,267页;21cm |
| 使用对象:党员干部 |
| ISBN 978-7-01-011861-1:CNY21.00 |
| 本书收录《政府工作报告》、《中国人民政治协商会议全国委员会常务委员会工作报告》、《国家机构主要领导人名单》、《国务院及其组成部门主要领导人名单》等内容。 |
| ● |
| 相关链接 |
|
|
|
|
正题名:2013全国两会文件学习读本
索取号:D622/50
 
预约/预借
| 序号 | 登录号 | 条形码 | 馆藏地/架位号 | 状态 | 备注 |
| 1 | 0543383 | 205433832 | 第一样本阅览室/ [索取号:D622/50] | 在馆 | |
| 2 | 0543384 | 205433841 | 第一借阅区/ [索取号:D622/50] | 在馆 | |
| 3 | 0543385 | 205433850 | 第一借阅区/ [索取号:D622/50] | 在馆 | |
| 4 | 0543386 | 205433869 | 第一借阅区/ [索取号:D622/50] | 在馆 | |
| 5 | 0543387 | 205433878 | 史法系资料室/ [索取号:D622/50] | 在馆 |